00655nam a22001937a 4500003000500000005001700005008004100022010001000063011001000073035001000083040000900093100003300102245010200135260004200237300001900279502009800298650004600396650001900442CHAP20220329141626.0971013s1949 r 00010 d a71229 a72201 a81755 cCHAP00aCamarena, Emilio Crescencio. aRepercusiones de la fiebre aftosa en algunos aspectos de nuestra economía agrícola y ganadera a(Chapingo, Méx.) :bEl autor,c1949 a60 h.b: ilus. aTesis (Ing. Agr. Esp. en Economía Agrícola) -- ENA. Departamento de Economía Agrícola14aAgriculturaxAspectos economicoszMexico.14aFiebre aftosa.